• 首页
  • 本馆介绍
  • 公告通知
  • 最新文献
  • 馆藏检索
  • 电子资源
  • 读者导购
  • 参考咨询
  • 我的图书馆
  • 登录
  • 详细信息显示
  • 放入我的书架
  • 预约/预借图书
  • 作者相关作品
  • 分类相关作品
  • 丛书相关作品
  • 出版社相关作品

书目信息

  • 表格格式
  • 工作单格式
  • 卡片格式
题名:
抓党建促脱贫
    
 
作者: 本书编写组[编]
分册:  
出版信息: 北京   人民出版社  2017
页数: 203页
开本: 24cm
丛书名:
单 册:
中图分类: D267 , F126
科图分类:
主题词: 扶贫--研究--中国
电子资源:
ISBN: 978-7-01-017739-7
000 00819nam0 2200241 450
001 012001005338
005 20141008161929.0
010    @a978-7-01-017739-7@dCNY33.00
100    @a20170905d2017 em y0chiy50 ea
101 0  @achi
102    @aCN@b110000
105    @aa z 000yy
106    @ar
200 1  @a抓党建促脱贫@9zhua dang jian cu tuo pin@e基层党组织怎么办@f本书编写组[编]
210    @a北京@c人民出版社@d2017
215    @a203页@c彩图,照片@d24cm
330    @a本书共分为七章,主要包括吃透中央精神,坚决打赢脱贫功坚战、选优配强班子,发挥村级党组织作用、选好“领头雁”谋好致富路、先锋作用回发挥好,一名党员一面旗等内容。
601 02 @a中国共产党@x基层组织@x工作
606 0  @a扶贫@x研究@y中国
690    @aD267@v5
690    @aF126@v5
801  0 @aCN@b上海新华@c20180901
905    @b1173644-6@dD267@e307@f3
    
    抓党建促脱贫:基层党组织怎么办/本书编写组[编].-北京:人民出版社,2017
    203页:彩图,照片;24cm
    
    
    ISBN 978-7-01-017739-7:CNY33.00
    本书共分为七章,主要包括吃透中央精神,坚决打赢脱贫功坚战、选优配强班子,发挥村级党组织作用、选好“领头雁”谋好致富路、先锋作用回发挥好,一名党员一面旗等内容。
●
相关链接 在E读中查询图书 在五车中查询图书 在当当中查询图书 在豆瓣中查询图书


正题名:抓党建促脱贫     索取号:D267/307         预约/预借

序号 登录号 条形码 馆藏地/架位号 状态 备注
1 1173644   211736442   第一样本阅览室/ [索取号:D267/307] 在馆    
2 1173645   211736451   密集书库-史法系/ [索取号:D267/307] 在馆    
3 1173646   211736460   第一借阅区/ [索取号:D267/307] 在馆    
唐山师范学院图书馆 欢迎您!
大连网信软件有限公司© 版权所有